|
|
|
|
| LEADER |
00000nab a2200000 ar4500 |
| 001 |
vtls010104959 |
| 003 |
SK-MaSNL |
| 005 |
20260318140634.0 |
| 008 |
100610c2009 xo |||||||| 000 b|hun |
| 015 |
|
|
|a SNBRB2009/06
|2 snkbucl
|
| 038 |
|
|
|a SNKBUCL
|
| 040 |
|
|
|a DSZK
|b slo
|c DSZK
|e AACR2
|
| 041 |
0 |
|
|a hun
|
| 044 |
|
|
|a xo
|c SK
|
| 080 |
|
|
|a 2-051
|2 1997
|
| 080 |
|
|
|a 262.136.6:061.7
|2 1997
|
| 080 |
|
|
|a 061.7
|2 1997
|
| 100 |
1 |
|
|a Kurcz, Ilona
|4 aut
|9 840041
|
| 245 |
1 |
0 |
|a Hűséges tudott maradni-
|b emlékest Mindszenty bíboros halálának 35. évfordulóján
|c Kurcz Ilona
|
| 246 |
3 |
3 |
|a Mindszenty József (1892-1975)
|
| 300 |
|
|
|b Fotogr.
|
| 500 |
|
|
|a Strana obsahuje ešte 1 článok
|
| 600 |
1 |
7 |
|a Mindszenty, József,
|d 1892-1975
|2 snkbucl
|9 54197
|
| 648 |
|
7 |
|a 2009
|2 snkbucl
|9 320114
|
| 650 |
0 |
7 |
|a spomienkové podujatia
|2 snkbucl
|9 120764
|
| 651 |
|
7 |
|a Komárno (Slovensko)
|2 SNKPHgeo
|9 39168
|
| 773 |
0 |
|
|t Remény
|g Évf. XX, sz. 22 (2009), o. 7
|x 1335-6534
|
| 852 |
|
|
|a SNK
|b KIS3GCP
|
| 852 |
|
|
|a DSZK
|b KIS3GCP
|
| 958 |
|
|
|a HU
|
| 958 |
|
|
|a SK
|
| 958 |
|
|
|a NT
|
| 999 |
|
|
|c 1897749
|d 1899679
|